[Event "Hennebont Grand Prix"]
[Site "Hennebont"]
[Date "2006.08.06"]
[Round "7"]
[White "Marie, Maxime"]
[Black "Guillot, Mickael"]
[Result "1-0"]
[WhiteElo "2165"]
[BlackElo "1890"]
[PlyCount "35"]
[EventDate "2006.08.05"]
[EventType "swiss"]
[EventRounds "7"]
[EventCountry "FRA"]
[SourceTitle "EXT 2007"]
[Source "ChessBase"]
[SourceDate "2006.11.23"]
[SourceVersion "1"]
[SourceVersionDate "2006.11.23"]
[SourceQuality "1"]

1. e4 e5 2. Nf3 Nc6 3. Bc4 Bc5 4. b4 Bxb4 5. c3 Be7 6. d4 d6 7. Qb3 Na5 8. Bxf7+ Kf8 9. Qa4 Kxf7 10. Qxa5 Bg4 11. dxe5 Bxf3 12. e6+ Ke8 13. gxf3 Bf6 14. Qb5+ Ke7 15. f4 g6 16. e5 Bg7 17. exd6+ Qxd6 18. Ba3 1-0

[Event "FRA-chT3 Gr4 0203"]
[Site "Limoges"]
[Date "2002.11.10"]
[Round "?"]
[White "Guillot, Mickael"]
[Black "Cibeau, Axel"]
[Result "0-1"]
[WhiteElo "1870"]
[BlackElo "1860"]
[PlyCount "80"]
[EventDate "2002.11.11"]
[EventType "team"]
[EventRounds "9"]
[EventCountry "FRA"]
[SourceTitle "EXT 2004"]
[Source "ChessBase"]
[SourceDate "2003.11.25"]
[SourceVersion "1"]
[SourceVersionDate "2003.11.25"]
[SourceQuality "1"]

1. e4 Nf6 2. e5 Nd5 3. d4 d6 4. c4 Nb6 5. f4 dxe5 6. fxe5 c5 7. d5 e6 8. Nc3 g6 9. Nf3 Bg7 10. Bg5 Qd7 11. Qd2 0-0 12. 0-0-0 Na6 13. Ne4 Qa4 14. Nf6+ Kh8 15. Kb1 exd5 16. cxd5 Bf5+ 17. Ka1 c4 18. g4 Nb4 19. b3 cxb3 20. gxf5 Nc2+ 21. Kb2 Qxa2+ 22. Kc3 Rac8+ 23. Kd3 Qa6+ 24. Ke4 Qa4+ 25. Nd4 Nc4 26. Bxc4 Rxc4 27. Qf2 Rfc8 28. fxg6 Nxd4 29. Rxd4 Rxd4+ 30. Qxd4 Rc4 31. Qxc4 Qxc4+ 32. Kf3 hxg6 33. Rc1 Qd3+ 34. Kg2 Bxf6 35. Rc8+ Kh7 36. Bxf6 Qxd5+ 37. Kf2 g5 38. Rh8+ Kg6 39. Rg8+ Kf5 40. Rxg5+ Ke6 0-1